Resiliencia en una adolescente con padecimiento físico-crónico por insuficiencia de ácido fólico (Record no. 199877)
[ view plain ]
| 000 -CABECERA | |
|---|---|
| campo de control de longitud fija | 02097nab a2200277 a 4500 |
| 005 - FECHA Y HORA DE LA ÚLTIMA TRANSACCIÓN | |
| campo de control | 20241012063743.0 |
| 008 - ELEMENTOS DE LONGITUD FIJA--INFORMACIÓN GENERAL | |
| campo de control de longitud fija | 991125c2019 mx fr p o 000 0 spa d |
| 035 ## - NÚMERO DE CONTROL DEL SISTEMA | |
| Número de control de sistema | UPN01000227782 |
| 040 ## - FUENTE DE LA CATALOGACIÓN | |
| Centro catalogador/agencia de origen | UPN |
| Lengua de catalogación | spa |
| Centro/agencia transcriptor | UPN |
| Normas de descripción | aacr2 |
| 049 ## - COLECCIÓN | |
| Colección | ART-E |
| 100 1# - ASIENTO PRINCIPAL--NOMBRE PERSONAL | |
| Nombre de persona | Cerda Uc, Rosa Isela |
| Enlace | - cerdauc@correo.uady.mx |
| 100 1# - ASIENTO PRINCIPAL--NOMBRE PERSONAL | |
| Nombre de persona | Braga Mena, María Teresa de Jesús |
| 100 1# - ASIENTO PRINCIPAL--NOMBRE PERSONAL | |
| Nombre de persona | Padilla Cárdenas, Carlos Alberto |
| 245 00 - MENCIÓN DE TÍTULO | |
| Título | Resiliencia en una adolescente con padecimiento físico-crónico por insuficiencia de ácido fólico |
| Medio | [recurso electrónico en línea] |
| 506 0# - NOTA DE RESTRICCIONES AL ACCESO | |
| Limitaciones de acceso | Acceso abierto |
| 520 3# - NOTA DE RESUMEN, ETC. | |
| Sumario, etc. | El presente artículo aborda el caso de una adolescente de 15 años diagnosticada al nacer con insufciencia de ácido fólico. El objetivo general de este trabajo consiste en diseñar, implementar y evaluar una intervención psicoterapéutica con enfoque psicodinámico y técnicas cognitivo-conductuales y gestálticas, para mejorar los estilos de afrontamiento y la resiliencia. Para esta intervención se realizó un proceso con duración de 31 sesiones. Durante el proceso, se encontró que la presencia de la enfermedad ha traído repercusiones en las relaciones interpersonales de la adolescente. La autonomía también ha sido afectada, ya que la adolescente se mostraba dependiente de su madre, física y emocionalmente. Es de resaltar la importancia de la reparación del vínculo parental como elemento para el éxito del proceso terapéutico. Con la aceptación de la realidad, los mecanismos de defensa fueron confrontados y transformados, dando oportunidad a los cambios saludables en la vida de la paciente. |
| 650 #2 - ASIENTO SECUNDARIO DE MATERIA - TERMINO TEMATICO | |
| 9 (RLIN) | 6115 |
| Término de materia o nombre geográfico como elemento de entrada | Resiliencia (Rasgo de la personalidad) |
| 650 #0 - ASIENTO SECUNDARIO DE MATERIA - TERMINO TEMATICO | |
| 9 (RLIN) | 1014 |
| Término de materia o nombre geográfico como elemento de entrada | Adolescentes |
| 650 #4 - ASIENTO SECUNDARIO DE MATERIA - TERMINO TEMATICO | |
| Término de materia o nombre geográfico como elemento de entrada | Psicoterapia |
| 9 (RLIN) | 8720 |
| 653 0# - TERMINO DE INDIZACION - NO CONTROLADO | |
| Término no controlado | Ácido fólico |
| 653 0# - TERMINO DE INDIZACION - NO CONTROLADO | |
| Término no controlado | Intervención |
| 773 ## - ENLACE AL DOCUMENTO FUENTE/ENTRADA DE REGISTRO ANFITRIÓN | |
| Parte(s) relacionada(s) | No. 40 (2019), p. 65-75 |
| Título | Alternativas en psicología |
| Número Internacional Normalizado para Publicaciones Seriadas | 2007-5251 |
| 856 4# - LOCALIZACIÓN Y ACCESO ELECTRÓNICOS | |
| Identificador Uniforme del Recurso | <a href="http://www.alternativas.me/attachments/article/180/4%20-%20Resiliencia%20en%20una%20adolescente%20con%20padecimiento%20f%C3%ADsico-cr%C3%B3nico.pdf">http://www.alternativas.me/attachments/article/180/4%20-%20Resiliencia%20en%20una%20adolescente%20con%20padecimiento%20f%C3%ADsico-cr%C3%B3nico.pdf</a> |
| 905 ## - TIPO DE MATERIAL | |
| Tipo de material | Articulo |
| 942 ## - ELEMENTOS DE PUNTO DE ACCESO ADICIONAL (KOHA) | |
| Tipo de ítem Koha | Artículo Electrónico |
| Estado de retiro | Estado de pérdida | Estado dañado | No para préstamo | Código de colección | Localización permanente | Ubicación/localización actual | Ubicación en estantería | Fecha de adquisición | Total de préstamos | Fecha visto por última vez | Identificador Uniforme del Recurso | Precio válido a partir de | Tipo de ítem Koha |
|---|---|---|---|---|---|---|---|---|---|---|---|---|---|
| Acceso abierto | Bib. Gregorio Torres Quintero | Bib. Gregorio Torres Quintero | En línea | 21/09/2023 | 21/09/2023 | https://www.alternativas.me/attachments/article/180/4%20-%20Resiliencia%20en%20una%20adolescente%20con%20padecimiento%20f%C3%ADsico-cr%C3%B3nico.pdf | 21/09/2023 | Artículo Electrónico |
